000 00711nam a22002297a 4500
005 20170124110018.0
010 _aA-713939
020 _c00.00
_a8170991005
035 _aA-713939
037 _aCen Lib/Ret
040 _aDPL
_bEN
082 _a333.913
_bSAT
100 _aSatpute, T G
_919182
245 _aIrrigation management in command area :
_cby T G Satpute
_bstudy of jayakwadi irrigation project /
260 _a Delhi
_bMittal publications
_c1988
270 _b Delhi
_a4528/12, Jai maat market
300 _a175p.
_c22cm(Hb)
500 _aIncludes index
650 _aIrrigation management
_919183
650 _aManagement
_xcommand area
_919184
942 _2ddc
_cEN
_hA-713939
_mSAT
999 _c127032
_d127032